Gaming Quiz

Random Gaming Quiz

Name the Five Nights at Freddy's Characters Quiz Stats

 Plays Quiz not verified by Sporcle

Support Sporcle.
Go Orange.
Score 0/72 Timer 15:00
0 Plays Today
% Correct
???
100%
???
98.5%
???
97.9%
???
93.1%
???
76.2%
???
75.4%
???
75.4%
???
75.4%
???
75.1%
???
72.6%
???
72.6%
???
72.6%
???
72.6%
???
71.8%
???
69%
???
68.7%
???
68.5%
???
67.4%
???
67.4%
???
67.4%
???
65.9%
???
65.9%
???
65.6%
???
65.6%
???
57.7%
???
57.4%
???
57.4%
???
57.4%
???
55.9%
???
55.4%
???
54.9%
???
54.4%
???
54.1%
???
49.2%
???
48.7%
???
48.7%
% Correct
???
48.7%
???
47.4%
???
46.7%
???
46.7%
???
46.7%
???
46.2%
???
45.9%
???
45.9%
???
40.3%
???
40.3%
???
40%
???
39.5%
???
39.2%
???
36.7%
???
35.6%
???
35.6%
???
34.4%
???
33.8%
???
27.2%
???
26.7%
???
26.4%
???
26.4%
???
26.4%
???
26.4%
???
26.2%
???
26.2%
???
25.6%
???
25.1%
???
23.3%
???
18.7%
???
17.4%
???
16.9%
???
9.7%
???
9.7%
???
9.7%
???
9.5%

You're not logged in!

Compare scores with friends on all Sporcle quizzes.
OR
Log In

From the Vault

Which Logo Is NBA? (Minefield)

by lolshortee

Hint: If the logo contains a basketball, you probably should click it.
Remove Ads.
Support Sporcle.
Get the best of Sporcle when you Go Orange. This ad-free experience offers more features, more stats, and more fun while also helping to support Sporcle. Thank you for becoming a member.

Show Comments

Extras

Created Feb 13, 2018ReportNominate
Tags:Character, Five, Freddy, night

Top Quizzes Today


Score Distribution

Your Account Isn't Verified!

In order to create a playlist on Sporcle, you need to verify the email address you used during registration. Go to your Sporcle Settings to finish the process.

Report this User

Report this user for behavior that violates our Community Guidelines.

Details: